[Event "Muensterland Verbandsklasse-B 0506"]
[Site "Germany"]
[Date "2006.02.25"]
[Round "7.8"]
[White "Freitag, Michael"]
[Black "Barwinski, Frank"]
[Result "1/2-1/2"]
[WhiteElo "1437"]
[BlackElo "1704"]
[PlyCount "126"]
[EventDate "2005.09.03"]
[EventType "team-tourn"]
[EventRounds "9"]
[EventCountry "GER"]
[SourceTitle "EXT 2006"]
[Source "ChessBase"]
[SourceDate "2005.11.24"]
[SourceVersion "1"]
[SourceVersionDate "2005.11.24"]
[SourceQuality "1"]
[WhiteTeam "Steinfurt"]
[BlackTeam "Suedlohn II"]
[WhiteTeamCountry "GER"]
[BlackTeamCountry "GER"]

1. d4 d5 2. e3 Nf6 3. f4 Bf5 4. Bd3 Bxd3 5. Qxd3 Nc6 6. c3 e6 7. Nd2 Be7 8. Ngf3 0-0 9. 0-0 a6 10. a4 Bd6 11. Ne5 Ne7 12. Rf3 c5 13. Rh3 Ng6 14. Qe2 Rc8 15. g4 Bxe5 16. dxe5 Ne4 17. g5 Re8 18. Qh5 Nf8 19. Nb3 Qb6 20. Qd1 Red8 21. Qc2 Ng6 22. Ra3 Qc6 23. Qe2 b5 24. axb5 axb5 25. Ra5 Rb8 26. Qh5 Nf8 27. Ra7 Rd7 28. Rxd7 Qxd7 29. Qe2 Qa7 30. Rf3 Qa4 31. Qc2 c4 32. Nd4 Qa6 33. h4 Nc5 34. f5 Nd3 35. Rf1 exf5 36. Nxf5 Qe6 37. Qh2 Nxe5 38. Nd4 Qg4+ 39. Kh1 Qe4+ 40. Kg1 Qg4+ 41. Kh1 Qe4+ 42. Kg1 Nfd7 43. Rf4 Qb1 44. Qd2 Nd3 45. Rf1 N7c5 46. Qc2 Qxc2 47. Nxc2 Nb3 48. Nb4 Ndxc1 49. Rd1 Rd8 50. Kf2 Kf8 51. Kf3 Ke8 52. Kf2 Nd3+ 53. Nxd3 cxd3 54. Rxd3 Ke7 55. Kf3 Ke6 56. Kf4 Ra8 57. e4 dxe4 58. Re3 Ra4 59. c4 bxc4 60. Rxe4+ Kd7 61. Ke5 Ra5+ 62. Kf4 Rc5 63. Re3 Rd5 1/2-1/2